000 00548nam a2200205 i 4500
001 bgj
100 1 _aBLUME, Judy
245 1 0 _aForever... /
_cJudy Blume.
260 _aNew York :
_bPocket Books,
_c1976.
300 _a220 pp ;
_c18 cm.
505 _aTwo highschool seniors believe their love to be so strong that it will last forever.
650 9 _aAmerican fiction
655 _aNovel
020 _a0671830082
040 _cBPK
041 0 _aeng
920 _a0-671-83008-2
942 _cKS
008 s uk f |000 0 eng
999 _c48529
_d48529
856 _uhttp://koha.tu.koszalin.pl/cgi-bin/koha/opac-detail.pl?biblionumber=48529
_yKatalog online BPK